Antología poética de Gabriela Mistral

Uloženo v:
Podrobná bibliografie
Hlavní autor: Calderón, Alfonso (Autor)
Médium: Kniha
Jazyk:španělština
Vydáno: Santiago Universitaria 1995
Vydání:10a. ed
Edice:Colección Antologías
Témata:
Tagy: Přidat tag
Žádné tagy, Buďte první, kdo vytvoří štítek k tomuto záznamu!

MARC

LEADER 00000nam a2200000 a 4500
001 UCH6214
003 CL-VaPUC
005 20241016095656.0
008 091109e19950000CL |||||||||||||||||spa|d
999 |c 337151  |d 337149 
020 |a 9561106751 
040 |c Pontificia Universidad Católica de Valparaíso 
082 0 4 |a Ch861  |b CAL  |2 21 
100 0 |a Calderón, Alfonso  |e author  |9 542637 
245 1 0 |a Antología poética de Gabriela Mistral 
250 |a 10a. ed 
260 |a Santiago  |b Universitaria  |c 1995 
300 |a 208 p 
490 0 |a Colección Antologías 
583 |a last modification  |c 20091109 00:00:00  |k Rodrigo Vera 
600 0 |a Mistral, Gabriela,  |d 1889-1957  |e autora  |q Godoy Alcayaga, Lucila  |9 866296 
650 0 |a Literatura chilena   |9 308278 
650 0 |a Poetas chilenos  |9 326722 
650 0 |a Poesía chilena   |9 268403 
942 |c BK  |2 ddc 
945 |d 20091109 00:00:00  |a lazolas